| 000 | 00341 a2200109 4500 | ||
|---|---|---|---|
| 001 | ART_56612 | ||
| 005 | 20260410161800.0 | ||
| 008 | 260409a | ||
| 245 | 1 | 0 | _aDestrato de la AFIP en contra de la profesión y la Justicia. |
| 100 | 1 | _aSequeira, Marcos A. | |
| 773 | 0 |
_tDoctrina tributaria _g- N° 509 (ago. 2022) _wREV4296 |
|
| 999 |
_c20526 _d20526 |
||